Loading...
| Fine Arts - Auditory | 2 | 4 | 0 | 0 | 70 | 57 | 80.17 | 6 | 6 | 25.02 | 60.00 |
| Fine Arts - Other | 0 | 1 | 0 | 0 | 10 | 102 | 102.00 | 1 | 1 | 1.57 | 10.00 |
| Fine Arts - Visual | 0 | 1 | 0 | 0 | 10 | 113 | 113.00 | 0 | 1 | 2.04 | 5.00 |
| Literature - British | 0 | 1 | 0 | 0 | 10 | 89 | 89.00 | 1 | 1 | 3.15 | 10.00 |
| Religion | 0 | 1 | 0 | 0 | 10 | 106 | 106.00 | 0 | 1 | 2.05 | 8.33 |
| Science - Other | 0 | 1 | 0 | 0 | 10 | 81 | 81.00 | 1 | 1 | 4.21 | 10.00 |
| Social Science | 1 | 0 | 2 | 0 | 5 | 64 | 64.00 | 1 | 1 | 5.23 | 11.11 |
| Science - Physics | 0 | 1 | 1 | 0 | 5 | 83 | 83.00 | 0 | 1 | 3.25 | 5.00 |
| Philosophy | 0 | 0 | 1 | 0 | -5 | 0.00 | 0 | 0 | 0.00 | 0.00 | |
| Science - Biology | 0 | 1 | 3 | 0 | -5 | 69 | 69.00 | 1 | 1 | 4.20 | 10.00 |
| Science - Chemistry | 0 | 0 | 1 | 0 | -5 | 0.00 | 0 | 0 | 0.00 | 0.00 | |
| Popular Culture | 0 | 0 | 1 | 0 | -5 | 0.00 | 0 | 0 | 0.00 | 0.00 |